College Quizbowl Stats
College Quizbowl Stats
Circuits
Seasons
Sets
Records
Detailed Stats
About
Loading...
2024 ARGOS @ McMaster
Tossups
Bonuses
Players
Teams
Categories (Tossup)
Categories (Bonus)
Sheena Li
Communism is Soviet power plus the yassification of the whole country
Categories
Category
Powers
Gets
Negs
BBs
Points
Earliest Buzz
Avg. Buzz
First Buzzes
Top 3 Buzzes
Science - Biology
1
3
1
0
40
37
92.75
1
3
Fine Arts - Visual Fine Arts
1
0
0
0
15
78
78.00
0
1
History - American History
1
0
0
0
15
87
87.00
1
1
History - European History
1
0
0
0
15
54
54.00
0
1
Buzzes
Category
Answer
Value
Buzz Position
Science - Biology
bone density
15
37
History - European History
1755 Lisbon earthquake
15
54
Fine Arts - Visual Fine Arts
Josiah Wedgwood
15
78
History - American History
spirit mediums
15
87
Science - Biology
histone acetylation
10
106
Science - Biology
mitochondria
10
106
Science - Biology
amyloid beta
-5
109
Science - Biology
BCG vaccine
10
122
Science - Biology
inosine
0
130
Previous
1
Next